000 00505nam a2200181Ia 4500
003 GCL
008 140319s9999 xx 000 0 ara d
040 _aGCL /
_cGCL
082 0 4 _a920.71
_bا م
100 1 _aاحمد عمر شاهين
245 1 0 _aموسوعة كتاب فلسطين فى القرن العشرين /
_cاحمد عمر شاهين
300 _a540
490 _a100 قصة
_v0
650 0 4 _aفلسطين
650 0 4 _aالادباء
650 0 4 _aالمفكرين
942 _2ddc
_cBK
999 _c43749
_d43749